Statistiques concernant Culture Générale - Série 1341

Cliquez ici pour prendre le quiz!

Statistiques générales

  • Ce quiz a été pris 44 fois
  • Le résultat moyen est 4 sur 10

Statistiques - réponses

QuestionRéponse% Correct
Quel jeu consiste à faire passer des boules de bois sous des arceaux, au moyen d'un maillet ?croquet
67%
Qu'est-ce qu'une épinoche ?poisson
60%
En 1967, quel chanteur et compositeur d'origine grecque a écrit "La Dame brune" pour Barbara ?Georges Moustaki
55%
Quel nom porte le royaume d'Ulysse ?Ithaque
48%
Quel métal était autrefois appelé "vif-argent" ?mercure
40%
Quel réalisateur réunit Claude Jade et Jean-Pierre Léaud dans "Baisers volés", en 1968 ?François Truffaut
33%
En 1984, à quel chanteur pop doit-on l'album "La Notte, la notte" ?Étienne Daho
31%
Quel célèbre duc a été fusillé le 21 mars 1804, accusé d'avoir fomenté un complot contre Bonaparte ?duc d'Enghien
19%
Quel écrivain est l'auteur du roman “La Guerre des boutons” ?Louis Pergaud
17%
Entre 1984 et 1985, quel était le nom du chanteur, leader du groupe britannique "Bronski Beat" ?Jimmy Somerville
5%

Distribution des résultats

Percentile par nombre de réponses

% des personnes avec chaque résultat

Votre développement - résultats

Vous n’avez pas pris ce quiz